00513nam a2200169 a 4500008004100000020002200041245005600063260003300119300003600152504005400188650002600242650002900268700001900297003000100316005001700317040000900334  a0195215931 (pbk.)04aThe quality of growth /cVinod Thomas ... [et al.]. aOxford :bWorld Bank,c2000. axxxiv, 262 p. :bill. ;c23 cm. aIncludes bibliographical references: p. 233-262. 0aEconomic development. 0aSustainable development.1 aThomas, Vinod.20230123133340.0 cNUST